[Event "SVK-chT2 5th B01 corr"]
[Site "Slovakia"]
[Date "2002.03.01"]
[Round "1"]
[White "Hudec, Eduard"]
[Black "Fedor, Stefan"]
[Result "1/2-1/2"]
[WhiteElo "1815"]
[BlackElo "2148"]
[PlyCount "74"]
[EventDate "2002.??.??"]
[EventType "team (corr)"]
[EventRounds "10"]
[EventCountry "SVK"]
[SourceTitle "Corr 2004"]
[Source "ChessBase"]
[SourceDate "2003.04.28"]
[SourceVersion "3"]
[SourceVersionDate "2003.04.28"]
[SourceQuality "1"]

1. c4 c5 2. Nc3 Nc6 3. g3 g6 4. Bg2 Bg7 5. Nf3 e6 6. 0-0 Nge7 7. d3 0-0 8. Bd2 d5 9. a3 b6 10. Rb1 Bb7 11. cxd5 Nxd5 12. Nxd5 Qxd5 13. Bc3 Bxc3 14. bxc3 Ne5 15. c4 Nxf3+ 16. Bxf3 Qd7 17. Bxb7 Qxb7 18. a4 Qc6 19. Qc2 Rab8 20. Rb2 f5 21. f4 Qd7 22. Rfb1 e5 23. fxe5 Qd4+ 24. Kg2 f4 25. gxf4 Qxf4 26. e4 Qf3+ 27. Kg1 Qf4 28. e6 Qe3+ 29. Kh1 Qf3+ 30. Qg2 Qxd3 31. Qe2 Qd6 32. Rd1 Qxe6 33. Rbd2 Rf4 34. Rd8+ Rxd8 35. Rxd8+ Kg7 36. Ra8 Rxe4 37. Rxa7+ Kh6 1/2-1/2

[Event "SVK-chT2 5th B01 corr"]
[Site "Slovakia"]
[Date "2002.03.01"]
[Round "1"]
[White "Hudec, Eduard"]
[Black "Lakatos, Vladimir"]
[Result "0-1"]
[WhiteElo "1815"]
[BlackElo "2165"]
[PlyCount "68"]
[EventDate "2002.??.??"]
[EventType "team (corr)"]
[EventRounds "10"]
[EventCountry "SVK"]
[SourceTitle "Corr 2004"]
[Source "ChessBase"]
[SourceDate "2003.04.28"]
[SourceVersion "3"]
[SourceVersionDate "2003.04.28"]
[SourceQuality "1"]

1. c4 Nf6 2. Nc3 d5 3. cxd5 Nxd5 4. g3 e5 5. Bg2 Nb6 6. Nf3 Nc6 7. 0-0 Be7 8. d3 0-0 9. a3 Be6 10. b4 a5 11. b5 Nd4 12. Nd2 c6 13. bxc6 Nxc6 14. Rb1 a4 15. Bxc6 bxc6 16. Qc2 Ra5 17. Bb2 f5 18. Rfd1 Qc7 19. Re1 Bd6 20. Rec1 Qd7 21. Rd1 Qf7 22. e3 Bb3 23. Nxb3 axb3 24. Qd2 Bxa3 25. Bxa3 Rxa3 26. Ra1 Rxa1 27. Rxa1 Rb8 28. Qb2 Nd7 29. Ra7 Qe6 30. Na4 f4 31. exf4 exf4 32. gxf4 Qg6+ 33. Kh1 Qxd3 34. Qa3 Qf1# 0-1